| 000 | 00000nam 2200000zi 4500 |
| 001 | 9.864105 |
| 003 | CaOODSP |
| 005 | 20221107161443 |
| 006 | m o d f |
| 007 | cr ||||||||||| |
| 008 | 181101t20182019oncd ob f000 0 eng d |
| 020 | |a9780660283661 |
| 040 | |aCaOODSP|beng|erda|cCaOODSP |
| 043 | |an-cn--- |
| 086 | 1 |aPS18-43/2018E-PDF |
| 100 | 1 |aJackson, Jonathan, |d1974- |eauthor. |
| 245 | 10|aMeasuring public attitudes towards the police / |cby Jonathan Jackson and Ben Bradford. |
| 264 | 1|aOttawa, Ontario : |bPublic Safety Canada = Sécurité publique Canada, |c2018. |
| 264 | 4|c©2019 |
| 300 | |a1 online resource (55 pages) : |bgraphs + |e1 executive summary (3 pages) |
| 336 | |atext|btxt|2rdacontent |
| 337 | |acomputer|bc|2rdamedia |
| 338 | |aonline resource|bcr|2rdacarrier |
| 500 | |aTitle from caption. |
| 500 | |a"Delivery Date: July 2, 2018." |
| 500 | |a"Contract Number: 0D160-184515." |
| 500 | |a"POR Registration Number: POR 005-18." |
| 500 | |aIssued also in French under title: Mesurer les attitudes du public envers la police. |
| 504 | |aIncludes bibliographical references (pages 28-31). |
| 520 | |a"Given that there is currently no common approach used across Canada to measure public attitudes towards the police, the objective of this study was to develop an empirically-informed small subset of items that can be used by Canadian police services for this purpose. We recommend a standardized, comprehensive and validated set of 12 ‘core’ survey items to measure public attitudes towards the police. Police services across Canada can use them to capture public opinion in a way that is comparable between jurisdictions and track change over time. We also recommend a supplementary set of measures of socio-demographics, police-citizen contact, victimization experience, perceived safety and perceived disorder"--Executive summary, page 3. |
| 650 | 0|aPolice|zCanada|xPublic opinion. |
| 650 | 0|aPublic opinion|zCanada. |
| 710 | 1 |aCanada. |bPublic Safety Canada. |
| 775 | 08|tMesurer les attitudes du public envers la police / |w(CaOODSP)9.864106 |
| 856 | 40|qPDF|s909 KB|uhttps://publications.gc.ca/collections/collection_2019/sp-ps/PS18-43-2018-eng.pdf|zReport |
| 856 | 40|qPDF|s203 KB|uhttps://publications.gc.ca/collections/collection_2019/sp-ps/PS18-43-2018-1-eng.pdf|zExecutive summary |